Liedtext Disney Dschungelbuch Probiers mal mit Gemütlichkeit - Statistiken

Allgemein
  • Dieses Quiz wurde 236 mal gespielt
  • Das Durchschnittsergebnis liegt bei 142 aus 226
Antwortstatistiken
Antwort % Korrekt
gemütlich
100%
mal
100%
mit
100%
Probier
100%
Ruhe
100%
Gemütlichkeit
99%
und
99%
Und
99%
Probier´s
97%
da
90%
Sorgen
88%
du
85%
Du
85%
es
85%
Es
85%
dann
83%
Dann
83%
die
80%
Die
80%
wenn
80%
bist
78%
dir
77%
dir!
77%
etwas
77%
appetitlich
74%
ist
74%
auch
68%
das
68%
egal
68%
nimm
68%
stets
68%
den
66%
von
66%
der
64%
nicht
64%
ich
63%
Ich
63%
welchem
62%
zu
62%
zu,
62%
sie
61%
kommt
60%
weg
58%
Glück
56%
in
56%
Was
56%
Denn
55%
Fleck
55%
mir
54%
fort
53%
fort.
53%
hier
52%
für
51%
Luft
51%
Bienen
50%
Ameisen
49%
gefällt?
49%
Geld
49%
soll
49%
Stein
49%
summen
49%
unter
49%
gut
48%
Honigduft
48%
woanders,
47%
Alltag
45%
erfüllen
45%
gehe
45%
wo´s
45%
schaust
43%
lass
41%
gedeih´n
40%
über
40%
ein
39%
Bord
38%
drei,
37%
vier.
37%
zwei,
37%
woher
35%
dich
34%
im
34%
geht
31%
sein
31%
Leben
29%
sonst
29%
vorbei
28%
aber
27%
Beeren
27%
nur
27%
Schmerz
27%
bald
26%
dabei,
26%
dem
26%
gern
26%
musst
26%
belehren:
23%
Hast
23%
tust
23%
weh
23%
erblickst
22%
ganzen
22%
gierig
22%
jagst
22%
piekst
22%
bescheiden
21%
deinen
21%
jetzt
21%
pflückst
21%
kam
20%
Na
20%
gleich
19%
kapiert?
19%
Sorgenkram
19%
dreh
18%
greif
18%
drauf
16%
richtigen
16%
verletzt
16%
Darum
15%
pflücke
14%
vertreibst
14%
nimmt
13%
zahlst
13%
andrer
12%
man
12%
schmeißt
11%
unser
9%
seine
6%
Zauberwort
6%
Keine übereinstimmenden Quizze gefunden
Verteilung der Resultate
Anzahl Personen mit jedem Resultat
Perzentil nach korrekt beantworteten Fragen
Ihre Resultats-Entwicklung
Sie haben dieses Quiz noch nicht gespielt